Catalog

Record Details

Catalog Search



Národní báchorky a pověsti. sv. 2  Cover Image Book Book

Národní báchorky a pověsti. sv. 2 / Božena Němcová ; K vyd. připravili Zdeňka Havránková a Rudolf Havel ; Doslov: Rudolf Lužík

Summary:

Druhý díl Národních báchorek a pověstí obsahuje poslední tři svazečky prvního vydání, vyšlé v Praze u Pospíšila r. 1846 a 1847. Dále jsou zde zařazeny některé práce, jez vyšly v tomto látkovém okruhu z pera Boženy Němcovéjinde a jež snad měly tvořit další svazeček Národních báchorek. V připojených poznámkách k původu pohádek vysvětluje autorka sama několika slovy či větami, kde nebo od koho slyšela, případně jak upravila svoje pohádky. I vpohádkách, jež Němcová přejala z lidového vyprávění jen částečně, je "lidovost samým kořenem básnířčiny tvorby", neboť "Němcová se plně postavila na stanovisko lidu a přijala za svůj i jeho způsob posuzování skutečnosti"(Mukařovský).

Record details

  • Physical Description: 318, [4] s. ; 8°
  • Edition: 2. vyd.
  • Publisher: Praha : SNKLHU, 1956

Content descriptions

General Note:
30000 výt.
Vysvětl.

Available copies

  • 1 of 1 copy available at Common Catalog SPOK.

Holds

  • 0 current holds with 1 total copy.
Show Only Available Copies
Location Call Number / Copy Notes Barcode Shelving Location Status Due Date
Hospic Dobrého Pastýře BE-N
Tematická katagorie: Beletrie (BE)
204595701641 Knihovna Available -

Electronic resources

Version of Resource: Digitalizovaný dokument


LDR 01852nam a22003131 4500
00129739
003CZ-PrJAB
00520171208131748.0
007ta
008981109s1956 xr cze
015 . ‡acnb000723791
020 . ‡q(Váz.) : ‡cKčs 9,00
035 . ‡a(CZ PrNK)bk195603571
035 . ‡a(OCoLC)85454740
040 . ‡aABA001 ‡bcze ‡cKLG001 ‡dABA001
1001 . ‡aNěmcová, Božena, ‡d1820-1862 ‡7jk01083016 ‡4aut
24510. ‡aNárodní báchorky a pověsti. ‡nsv. 2 / ‡cBožena Němcová ; K vyd. připravili Zdeňka Havránková a Rudolf Havel ; Doslov: Rudolf Lužík
250 . ‡a2. vyd.
260 . ‡aPraha : ‡bSNKLHU, ‡c1956 ‡f(Práce)
300 . ‡a318, [4] s. ; ‡c
4901 . ‡aNárodní knihovna ; ‡vsv. 47
500 . ‡a30000 výt.
500 . ‡aVysvětl.
520 . ‡aDruhý díl Národních báchorek a pověstí obsahuje poslední tři svazečky prvního vydání, vyšlé v Praze u Pospíšila r. 1846 a 1847. Dále jsou zde zařazeny některé práce, jez vyšly v tomto látkovém okruhu z pera Boženy Němcovéjinde a jež snad měly tvořit další svazeček Národních báchorek. V připojených poznámkách k původu pohádek vysvětluje autorka sama několika slovy či větami, kde nebo od koho slyšela, případně jak upravila svoje pohádky. I vpohádkách, jež Němcová přejala z lidového vyprávění jen částečně, je "lidovost samým kořenem básnířčiny tvorby", neboť "Němcová se plně postavila na stanovisko lidu a přijala za svůj i jeho způsob posuzování skutečnosti"(Mukařovský).
830 0. ‡aNárodní knihovna (Státní nakladatelství krásné literatury, hudby a umění)
85641. ‡uhttp://kramerius4.nkp.cz/search/handle/uuid:0c8ca870-57b5-11e5-bc53-005056827e52 ‡yDigitalizovaný dokument
910 . ‡aBNE702
964 . ‡aPohádky české
964 . ‡aPověsti české
998 . ‡a000723791
901 . ‡a29739 ‡b ‡c29739 ‡tbiblio

Additional Resources